| 000 | 00399nam a22001697a 4500 | ||
|---|---|---|---|
| 005 | 20240306170423.0 | ||
| 020 | _a978-93-90113-02-6 | ||
| 041 | _aEnglish | ||
| 082 | _a005.133 R20 KAM | ||
| 100 | _aKamthane Namdev Ashok | ||
| 245 | _aProgramming and Problem Solving with Python | ||
| 250 | _a2 | ||
| 260 |
_aNew Delhi _bMcGraw Hill _c2020 |
||
| 300 | _a480 | ||
| 365 | _b750.00 | ||
| 942 | _cBK | ||
| 999 |
_c172345 _d172345 |
||